000 01205cam a2200289 a 4500
001 3574701
003 OSt
005 20160420150313.0
008 990222s1999 nyua b 001 0 eng
010 _a 99014416
020 _a0521651085
040 _aDLC
_cDLC
_dDLC
050 0 0 _aQC174.12
_b.V46 1999
082 0 0 _a530.12
_221
_bVER 1999
100 1 _aVermaas, Pieter E.
_98141
245 1 2 _aA philosopher's understanding of quantum mechanics :
_bpossibilities and impossibilities of a modal interpretation /
_cPieter E. Vermaas.
260 _aNew York :
_bCambridge University Press,
_c1999.
300 _axi, 295 p. :
_bill. ;
_c26 cm.
504 _aIncludes bibliographical references (p. 287-292) and index.
650 0 _aQuantum theory
_xMathematical models.
_98142
856 4 2 _3Publisher description
_uhttp://www.loc.gov/catdir/description/cam029/99014416.html
856 4 1 _3Table of contents
_uhttp://www.loc.gov/catdir/toc/cam021/99014416.html
906 _a7
_bcbc
_corignew
_d1
_eocip
_f19
_gy-gencatlg
942 _2ddc
_cSLOAN
999 _c3660
_d3660